Handbook on international aviation law / (Record no. 51477)

MARC details
000 -LEADER
fixed length control field 00642nam a2200241Ia 4500
005 - DATE AND TIME OF LATEST TRANSACTION
control field 20260429111928.0
008 - FIXED-LENGTH DATA ELEMENTS--GENERAL INFORMATION
fixed length control field 260429s9999||||xx |||||||||||||| ||und||
020 ## - INTERNATIONAL STANDARD BOOK NUMBER
International Standard Book Number 9789395696098
041 ## - LANGUAGE CODE
Language English
082 ## - DEWEY DECIMAL CLASSIFICATION NUMBER
Classification number 341.756
Item number BHA
100 ## - MAIN ENTRY--PERSONAL NAME
Personal name Bhat B., Sandeepa
245 #0 - TITLE STATEMENT
Title Handbook on international aviation law /
Statement of responsibility, etc Sandeepa Bhat B.
250 ## - EDITION STATEMENT
Edition statement 1st ed.
260 ## - PUBLICATION, DISTRIBUTION, ETC. (IMPRINT)
Place of publication, distribution, etc Bangalore :
Name of publisher, distributor, etc Thomson Reuters,
Date of publication, distribution, etc 2023.
300 ## - PHYSICAL DESCRIPTION
Extent xiv, 248 p.; hb
650 ## - SUBJECT ADDED ENTRY--TOPICAL TERM
Topical term or geographic name as entry element Air law
650 ## - SUBJECT ADDED ENTRY--TOPICAL TERM
Topical term or geographic name as entry element International law
650 ## - SUBJECT ADDED ENTRY--TOPICAL TERM
Topical term or geographic name as entry element Transport law
650 ## - SUBJECT ADDED ENTRY--TOPICAL TERM
Topical term or geographic name as entry element Aviation law
700 ## - ADDED ENTRY--PERSONAL NAME
Personal name Ukey, Dilip
700 ## - ADDED ENTRY--PERSONAL NAME
Personal name Variath, Adithya
942 ## - ADDED ENTRY ELEMENTS (KOHA)
Koha item type Text Books
Holdings
Withdrawn status Lost status Damaged status Not for loan Collection code Home library Location Shelving location Date of Cataloging Source of acquisition Total Checkouts Full call number Barcode Date last seen Price effective from Koha item type
        Non-fiction CUTN Central Library CUTN Central Library Social Sciences 29/04/2026 T R Publications, Chennai - Invoice No. TRPHO/2025/CRB/185 on 09-02-2026   341.756 BHA 56485 29/04/2026 29/04/2026 Text Books